Items In Counter-Strike: 1.6/Source - Statistics

General Stats
  • This quiz has been taken 14 times
  • The average score is 28 of 34
Answer Stats
Side Item Type Answer % Correct
Both Sidearm 9x19mm Sidearm
100%
CT Rifle Clarion 5.56
100%
T Rifle CV-47
100%
CT Sidearm ES Five-Seven
100%
T Rifle IDF Defender
100%
T SMG Ingram MAC-10
100%
Both Sidearm K&M .45 Tactical
100%
Both SMG K&M Submachine Gun
100%
Both Sidearm Nighthawk .50c
100%
CT SMG Schmidt Machine Pistol
100%
Both Rifle Schmidt Scout
100%
T Sidearm .40 Dual Elites
80%
CT Rifle Bullpup
80%
T Misc. C4 Explosive
80%
T Rifle D3 AU-1
80%
CT Equipment Defuse Kit
80%
Both Equipment Kevlar
80%
Both Equipment Kevlar + Helmet
80%
Both SMG K&M UMP-45
80%
CT Rifle Krieg 550
80%
Both Shotgun Leone 12 Gauge Super
80%
Both Shotgun Leone YG1265 Auto Shotgun
80%
Both Machine Gun M249
80%
Both Rifle Magnum Sniper Rifle
80%
CT Rifle Maverick M4A1
80%
Both Equipment Night Vision Goggles
80%
Both SMG ES C90
60%
Both Equipment Flash Grenade
60%
Both Equipment HE Grenade
60%
T Rifle Krieg 552 Commando
60%
Both Sidarm P228
60%
CT (GldSrc only) Equipment Riot Shield
60%
Both Equipment Smoke Grenade
60%
Both Misc. Knife
40%
No matching quizzes found
Score Distribution
Percent of People with Each Score
Percentile by Number Answered
Your Score History
You have not taken this quiz